Understanding contemporary Latin America / (Record no. 19118)

MARC details
000 -LEADER
fixed length control field 01186cam a22003371i 4500
001 - CONTROL NUMBER
control field 16793088
003 - CONTROL NUMBER IDENTIFIER
control field EG-ScBUE
005 - DATE AND TIME OF LATEST TRANSACTION
control field 20240704084209.0
008 - FIXED-LENGTH DATA ELEMENTS--GENERAL INFORMATION
fixed length control field 110523t2011 coua f b 001 0 eng d
020 ## - INTERNATIONAL STANDARD BOOK NUMBER
International Standard Book Number 9781588267917
040 ## - CATALOGING SOURCE
Original cataloging agency DLC
Language of cataloging eng
Description conventions rda
Transcribing agency DLC
Modifying agency DLC
-- EG-ScBUE
043 ## - GEOGRAPHIC AREA CODE
Geographic area code cl-----
082 04 - DEWEY DECIMAL CLASSIFICATION NUMBER
Classification number 980.04
Item number UND
Edition number 22
245 00 - TITLE STATEMENT
Title Understanding contemporary Latin America /
Statement of responsibility, etc edited by Richard S. Hillman, Thomas J. D'Agostino.
250 ## - EDITION STATEMENT
Edition statement Fourth edition.
264 #1 - PUBLICATION, DISTRIBUTION, ETC. (IMPRINT)
Place of publication, distribution, etc Colorado ;
-- London :
Name of publisher, distributor, etc Lynne Rienner Publishers, Inc,
Date of publication, distribution, etc [2011]
264 #4 - PUBLICATION, DISTRIBUTION, ETC. (IMPRINT)
Date of publication, distribution, etc c2011
300 ## - PHYSICAL DESCRIPTION
Extent xv, 463 pages :
Other physical details illustrations ;
Dimensions 23 cm.
336 ## - CONTENT TYPE
Source rdacontent
Content type term text
Content type code txt
337 ## - MEDIA TYPE
Media type term unmediated
Source rdamedia
Media type code n
338 ## - CARRIER TYPE
Carrier type term volume
Carrier type code nc
Source rdacarrier
490 0# - SERIES STATEMENT
Series statement Understanding : introductions to the states and regions of the contemporary world
500 ## - GENERAL NOTE
General note Includes appendix.
504 ## - BIBLIOGRAPHY, ETC. NOTE
Bibliography, etc Includes bibliographical references and index.<br/>
651 #7 - SUBJECT ADDED ENTRY--GEOGRAPHIC NAME
Geographic name Latin America.
Source of heading or term BUEsh
9 (RLIN) 27204
653 ## - INDEX TERM--UNCONTROLLED
Resource For college BAEPS, Political Science
Arrived date list March2015
655 ## - INDEX TERM--GENRE/FORM
Form subdivision Reading book
9 (RLIN) 33728
700 1# - ADDED ENTRY--PERSONAL NAME
Personal name Hillman, Richard S.,
Dates associated with a name 1943-
Relator term editor.
9 (RLIN) 27205
700 1# - ADDED ENTRY--PERSONAL NAME
Personal name D’Agostino, Thomas J.,
Relator term editor.
9 (RLIN) 37479
942 ## - ADDED ENTRY ELEMENTS (KOHA)
Source of classification or shelving scheme Dewey Decimal Classification
Koha item type Book - Borrowing
Holdings
Withdrawn status Lost status Source of classification or shelving scheme Damaged status Not for loan Collection code Home library Current library Shelving location Date acquired Source of acquisition Total Checkouts Full call number Barcode Date last seen Price effective from Koha item type Total Renewals Date checked out
    Dewey Decimal Classification     Baccah Central Library Central Library Second Floor 25/03/2015 Purchase   980.04 UND 000037797 15/07/2025 25/03/2015 NB - Book (Non borrowing)    
    Dewey Decimal Classification     Baccah Central Library Central Library Second Floor 25/03/2015 Purchase 4 980.04 UND 000037796 15/07/2025 25/03/2015 Book - Borrowing 19 16/12/2019
    Dewey Decimal Classification     Baccah Central Library Central Library Second Floor 25/03/2015 Purchase 3 980.04 UND 000037795 15/07/2025 25/03/2015 Book - Borrowing 6 15/08/2018